Balance preliminar de las economías de América Latina y el Caribe. 2017.
Uloženo v:
| Korporativní autor: | |
|---|---|
| Médium: | Kniha |
| Jazyk: | španělština |
| Vydáno: |
Santiago, Chile:
Naciones Unidas,
2018.
|
| Témata: | |
| On-line přístup: | Disponible Online - Cepal |
| Tagy: |
Přidat tag
Žádné tagy, Buďte první, kdo vytvoří štítek k tomuto záznamu!
|
MARC
| LEADER | 00000cam a2200000 a 4500 | ||
|---|---|---|---|
| 001 | UCC3438 | ||
| 003 | CL-VaPUC | ||
| 005 | 20230515154732.0 | ||
| 008 | 180518e20180000cl |||||||||||||||||spa|d | ||
| 999 | |c 371136 |d 371134 | ||
| 020 | |a 978-92-1-121976-0 | ||
| 040 | |c Pontificia Universidad Católica de Valparaíso | ||
| 082 | 0 | 4 | |a 330.98 NAC 2018 |2 21 |
| 110 | 2 | |a Naciones Unidas; |e autor |9 597415 |b Comisión Económica para América Latina y el Caribe | |
| 245 | 1 | 0 | |a Balance preliminar de las economías de América Latina y el Caribe. |b 2017. |
| 260 | |a Santiago, Chile: |b Naciones Unidas, |c 2018. | ||
| 300 | |a 134 páginas. | ||
| 500 | |a c.2 Donación Rectoria 2022. | ||
| 583 | |a last modification |c 20180518 12:56:00 |k Rodrigo Vera | ||
| 650 | 0 | |a Desarrollo económico y social |9 256320 | |
| 856 | |u https://repositorio.cepal.org/bitstream/handle/11362/42651/117/S1701283_es.pdf |y Disponible Online - Cepal | ||
| 942 | |c BK |2 ddc | ||
| 952 | |0 0 |1 0 |2 ddc |3 erb |4 0 |6 330_980000000000000_NAC_2018 |7 0 |8 A |9 488029 |a BIBGIM |b BIBGIM |i 5469600 |o 330.98 NAC 2018 |p 5469600 |r 2025-01-15 |t 1 |w 2019-11-24 |y BK |z Catalogado en:20180518 |k GIM | ||
| 952 | |0 0 |1 0 |2 ddc |4 0 |6 330_980000000000000_NAC_2018 |7 0 |8 A |9 590029 |a BIBENE |b BIBENE |d 2023-05-15 |e Donación |i 5657419 |o 330.98 NAC 2018 |p 5657419 |r 2025-01-15 |t 2 |w 2023-05-15 |y BK |k ICO | ||